Απομνημονεύματα

Αποθηκεύτηκε σε:
Λεπτομέρειες βιβλιογραφικής εγγραφής
Κύριος συγγραφέας: Michel, Prince of Greece, 1939-
Άλλοι συγγραφείς: Κυριαζόπουλος, Αθανάσιος (Μεταφραστής)
Μορφή: Βιβλίο
Γλώσσα:Greek
Δημοσίευση: Αθήνα : Φερενίκη, 2005.
Θέματα:
Ετικέτες: Προσθήκη ετικέτας
Δεν υπάρχουν, Καταχωρήστε ετικέτα πρώτοι!

MARC

LEADER 00000cam a2200000 i 4500
001 1/4214
008 100204s2005 gr | ||| |||| ||gre||
020 |a 9607952421 
035 |l 10106656 
040 |a GR-MyUA  |b gre  |e AACR2 
041 0 |a gre 
082 0 |a 920  |2 (22) 
100 0 |a Michel,   |c Prince of Greece,   |d 1939- 
245 1 0 |a Απομνημονεύματα /   |c Michel de Grece ; μετάφραση Νάσος Κυριαζόπουλος.  
260 |a Αθήνα :   |b Φερενίκη,   |c 2005.  
300 |a 213 σ. :   |b εικ. ;   |c 24 εκ.  
600 0 0 |a Michel,   |c Prince of Greece,   |d 1939- 
650 0 0 |a Princes  |z Greece  |x Biography. 
650 0 0 |a Authors, French  |z Greece  |x Biography. 
700 1 |a Κυριαζόπουλος, Αθανάσιος,  |e trl 
852 |a INST  |b SAMOS  |e 20100204  |h 920 DEG  |p 005300030698  |q 005300030698  |t BK  |y 0 
901 |a BIBL3-2010-1 
909 |a Σ  |b 158703 
970 |a ΡΟΥΣΣΟΥ  |b ΚΩΝΣΤΑΝΤΙΝΑ  |z 2010/02/04